Normal view
MARC view
Entry Término temático
001 - NÚMERO DE CONTROL
- campo de control: 164969
003 - IDENTIFICADOR DEL NÚMERO DE CONTROL
- campo de control: OSt
005 - FECHA Y HORA DE LA ÚLTIMA TRANSACCIÓN
- campo de control: 20220127160852.0
008 - DATOS DE LONGITUD FIJA
- campo de control de longitud fija: 220127|| aca||aabn | a|a d
040 ## - FUENTE DE LA CATALOGACIÓN
- Centro catalogador/agencia de origen: OSt
- Centro/agencia transcriptor: OSt
150 ## - ENCABEZAMIENTO--TÉRMINO DE MATERIA
- Término de materia o nombre geográfico como elemento de entrada: 3 Papa
- Subdivisión general: enfermedades
670 ## - FUENTE DE DATOS ENCONTRADOS
- Cita de la fuente: Work cat.: (OSt)199894: Ramírez Sagahón, Juan Carlos 94256, Evaluación del fludioxonil (Maxim 48 TS), en el control de la costra negra (Rhizoctonia solani Kühn), y la roña polvorienta (Spongospora subterranea (Wallr.) Lagerrheim), de la papa /
